| 000 | 00438cam a2200169ua 4500 | ||
|---|---|---|---|
| 003 | OSt | ||
| 008 | 241226b |||||||| |||| 00| 0 eng d | ||
| 020 | _a81-203-1543-X | ||
| 041 | _aeng | ||
| 082 |
_a005.369 _bRIC/CO |
||
| 100 |
_aRicart, Manual Albert . _96622 |
||
| 245 | _aComplete idiot`s guide to Linux / | ||
| 250 | _a1 / | ||
| 260 |
_aNew Delhi : _bPrentice Hall of India Pvt Ltd. , _c1999. |
||
| 300 | _a366 ; . | ||
| 942 | _cBK | ||
| 999 |
_c6196 _d6196 |
||